Effectif de l'USAP - Saison 2024-2025 - Statistiques

Statistiques générales
  • Ce quiz a été pris 186 fois
  • Le résultat moyen est 25 sur 45
Statistiques - réponses
Postes Joueurs Nationalité Points % Correct
arrière Tommaso Allan Italie 16
89%
demi de mêlée Tom Ecochard France -
83%
2ème ligne Posolo Tuilagi France -
82%
centre Jeronimo De La Fuente Argentine -
80%
pilier Giorgi Beria France -
79%
talonneur Sellala Lam Samoa -
78%
3ème ligne centre Joaquin Oviedo Argentine -
77%
talonneur Ignacio Ruiz Argentine -
75%
demi d'ouverture Jake McIntyre Australie -
73%
ailier Tavite Veredamu France -
73%
ailier Ali Crossdale Angleterre 5
68%
talonneur Victor Montgaillard France 10
68%
ailier Lucas Dubois France -
67%
pilier Kieran Brookes Angleterre -
65%
demi d'ouverture Antoine Aucagne France 30
64%
pilier Pietro Ceccarelli Italie -
64%
demi de mêlée James Hall Afrique du sud -
62%
3ème ligne aile Jacobus Van Tonder Afrique du sud -
61%
3ème ligne centre Lucas Velarte France -
61%
centre Alivereti Duguivalu Fidji -
60%
demi de mêlée Gela Aprasidze Géorgie -
60%
ailier Jefferson-Lee Joseph France 5
59%
2ème ligne Marvin Orie Afrique du sud -
57%
pilier Bruce Devaux France -
56%
pilier Giorgi Tetrashvili Géorgie -
56%
2ème ligne Adrien Warion France -
55%
demi de mêlée Sadek Deghmache france -
55%
centre Eneriko Buliruarua Fidji -
52%
centre Apisai Naqalevu Fidji 5
51%
2ème ligne Mathieu Tanguy France -
51%
3ème ligne aile Patrick Sobela France -
50%
3ème ligne aile Alan Brazo France -
48%
2ème ligne Tristan Labouteley France -
48%
arrière Louis Dupichot France -
46%
3ème ligne aile Lucas Bachelier France -
46%
centre Jean-pascal Barraque France -
43%
3ème ligne centre So'otala fa'aso'o Samoa -
43%
pilier Akato Fakatika France -
41%
pilier Nemo Roelofse Afrique du sud -
40%
centre Job Poulet France -
34%
ailier Théo Forner France -
33%
3ème ligne aile Noe Della Schiava France -
25%
pilier Lorencio Boyer Gallardo France -
24%
2ème ligne Bastien Chinarro France -
23%
pilier Vaktang Jincharadze Géorgie -
14%
Aucun quiz correspondant
Distribution des résultats
% des personnes avec chaque résultat
Percentile par nombre de réponses
Votre historique - résultats
Vous n’avez pas pris ce quiz